000 00362nam a2200121Ia 4500
008 220620s9999||||xx |||||||||||||| ||und||
100 _aBülent Topcuoğlu||Metin Turan
245 0 _aPeat
546 _aEnglish[eng]
650 _aLife Sciences||Soil Science||Ecosystem||Environmental Sciences
856 _uhttps://www.intechopen.com/books/peat
942 _cEB
999 _c33490
_d33490